| 000 | 00468nam a2200181 4500 | ||
|---|---|---|---|
| 005 | 20250924103441.0 | ||
| 008 | 250924b |||||||| |||| 00| 0 eng d | ||
| 040 | _aMAIN | ||
| 082 |
_a381 _bN292G |
||
| 100 | _aNeelam | ||
| 245 | _aGST regime in Haryana: A perceptual study of GST officials | ||
| 260 |
_bDepartment of Commerce, M D University, Rohtak _c2024 |
||
| 300 | _axi, 207 | ||
| 650 | _aCommerce | ||
| 650 | _aGST | ||
| 700 | _aTilak Raj | ||
| 942 | _cTH | ||
| 999 |
_c393532 _d393532 |
||